00504nam a2200157Ia 450000500170000000800410001704100080005808200160006610000230008224500210010526000380012630000090016465000230017399900190019695201310021520250729165737.0250729s2014 xx 000 0 und d aeng a370.15 MISC aR.C Mishra9231921 aChild Psychology aNew DelhibA P H PUBLISHINGc2014 a200p aPsychology9231922 c239524d239524 00104070aALbALd2025-07-29eManagement Bookg286.00l0o370.15 MISCpBED04843r2025-07-29 16:57:37v286.00w2025-07-29yBK